Fast random math - Addition and subtraction within 100 - Statistics

General Stats
  • This quiz has been taken 1,376 times
  • The average score is 12 of 20
Answer Stats
A B = % Correct
36 - 21 15
100%
21 - 5 16
100%
38 - 12 26
100%
21 + 8 29
100%
96 - 93 3
100%
67 - 64 3
100%
30 + 7 37
100%
24 + 14 38
100%
1 + 3 4
100%
41 - 37 4
100%
38 + 4 42
100%
24 + 19 43
100%
44 + 2 46
100%
20 + 26 46
100%
10 + 46 56
100%
68 - 10 58
100%
49 - 43 6
100%
25 + 40 65
100%
26 + 40 66
100%
3 + 64 67
100%
49 + 20 69
100%
5 + 68 73
100%
43 + 40 83
100%
28 + 6 34
92%
34 + 3 37
92%
94 - 3 91
92%
44 + 50 94
92%
72 - 59 13
91%
67 - 48 19
91%
48 + 6 54
91%
2 + 66 68
91%
11 + 80 91
91%
97 - 6 91
91%
56 + 37 93
91%
31 - 9 22
90%
23 + 15 38
90%
31 - 27 4
90%
15 + 36 51
90%
12 - 6 6
90%
12 + 52 64
90%
52 + 13 65
90%
46 + 41 87
90%
41 - 31 10
89%
68 - 48 20
89%
91 - 68 23
89%
19 + 7 26
89%
38 - 12 26
89%
41 - 9 32
89%
16 + 31 47
89%
53 - 5 48
89%
52 - 3 49
89%
63 - 12 51
89%
42 + 35 77
89%
57 + 26 83
89%
2 + 16 18
88%
30 - 11 19
88%
55 - 28 27
88%
58 - 23 35
88%
31 + 33 64
88%
59 + 9 68
88%
37 + 46 83
88%
15 + 72 87
88%
16 + 13 29
87%
23 - 12 11
86%
86 - 71 15
86%
69 - 50 19
86%
13 - 11 2
86%
36 - 8 28
86%
65 - 33 32
86%
34 - 2 32
86%
21 + 17 38
86%
52 + 3 55
86%
32 - 26 6
86%
15 + 50 65
86%
78 - 4 74
86%
29 + 46 75
86%
85 - 10 75
86%
88 - 13 75
86%
4 + 72 76
86%
25 + 52 77
86%
5 + 81 86
86%
36 + 50 86
86%
30 - 21 9
86%
62 + 30 92
86%
51 + 45 96
86%
31 - 18 13
83%
99 - 97 2
83%
55 - 24 31
83%
55 - 10 45
83%
13 + 36 49
83%
71 - 21 50
83%
74 - 24 50
83%
47 + 5 52
83%
80 - 74 6
83%
60 - 53 7
83%
9 + 61 70
83%
5 + 81 86
83%
88 - 2 86
83%
89 - 2 87
83%
53 + 42 95
83%
8 + 91 99
83%
69 - 30 39
82%
56 + 4 60
82%
7 + 57 64
82%
19 + 49 68
82%
54 + 17 71
82%
98 - 89 9
81%
26 + 74 100
80%
88 - 75 13
80%
18 - 4 14
80%
5 + 12 17
80%
19 + 1 20
80%
38 - 17 21
80%
27 - 6 21
80%
62 - 32 30
80%
8 + 24 32
80%
65 - 32 33
80%
13 + 23 36
80%
5 + 33 38
80%
39 + 2 41
80%
36 + 10 46
80%
27 + 21 48
80%
9 + 39 48
80%
84 - 35 49
80%
26 + 24 50
80%
51 - 1 50
80%
7 + 48 55
80%
74 - 19 55
80%
48 + 10 58
80%
13 + 47 60
80%
43 + 28 71
80%
53 + 24 77
80%
85 - 6 79
80%
79 + 1 80
80%
10 + 76 86
80%
68 + 23 91
80%
80 + 12 92
80%
56 + 36 92
80%
47 + 46 93
80%
93 + 2 95
80%
4 + 6 10
79%
65 - 55 10
79%
29 - 18 11
79%
10 + 14 24
79%
15 + 48 63
79%
76 + 24 100
78%
19 + 1 20
78%
22 - 2 20
78%
86 - 61 25
78%
65 - 37 28
78%
16 + 19 35
78%
50 - 10 40
78%
5 + 40 45
78%
39 + 7 46
78%
57 - 10 47
78%
39 - 34 5
78%
34 + 16 50
78%
66 - 60 6
78%
3 + 66 69
78%
85 - 6 79
78%
79 + 2 81
78%
53 + 30 83
78%
12 + 71 83
78%
78 + 13 91
78%
6 + 89 95
78%
23 - 7 16
77%
69 - 24 45
77%
18 + 37 55
77%
76 - 1 75
77%
74 + 15 89
77%
79 + 10 89
77%
11 + 80 91
77%
27 + 70 97
77%
64 - 50 14
75%
19 - 3 16
75%
27 - 9 18
75%
11 + 15 26
75%
67 - 41 26
75%
46 - 20 26
75%
12 + 15 27
75%
31 - 28 3
75%
91 - 60 31
75%
43 - 10 33
75%
70 - 33 37
75%
15 + 23 38
75%
61 - 22 39
75%
67 - 27 40
75%
39 + 2 41
75%
90 - 49 41
75%
39 + 6 45
75%
85 - 40 45
75%
38 + 9 47
75%
61 - 12 49
75%
96 - 91 5
75%
67 - 62 5
75%
21 + 31 52
75%
53 + 12 65
75%
1 + 65 66
75%
22 + 46 68
75%
21 + 49 70
75%
66 + 4 70
75%
74 + 1 75
75%
70 + 6 76
75%
68 + 8 76
75%
84 - 4 80
75%
78 + 4 82
75%
16 + 66 82
75%
29 + 54 83
75%
73 + 10 83
75%
62 + 21 83
75%
43 + 41 84
75%
56 + 28 84
75%
74 + 11 85
75%
23 + 62 85
75%
19 + 69 88
75%
43 + 45 88
75%
36 + 52 88
75%
49 + 41 90
75%
46 + 48 94
75%
25 + 69 94
75%
39 + 60 99
75%
51 + 3 54
74%
53 + 47 100
73%
58 - 41 17
73%
26 - 24 2
73%
46 - 23 23
73%
94 - 64 30
73%
75 - 43 32
73%
55 - 20 35
73%
86 - 49 37
73%
87 - 46 41
73%
37 + 11 48
73%
31 + 23 54
73%
5 + 51 56
73%
25 + 33 58
73%
71 - 12 59
73%
63 - 1 62
73%
9 + 56 65
73%
42 + 25 67
73%
6 + 63 69
73%
28 + 41 69
73%
63 + 11 74
73%
12 + 69 81
73%
30 + 64 94
73%
70 + 25 95
73%
63 - 62 1
71%
36 + 64 100
71%
83 - 72 11
71%
4 + 10 14
71%
30 - 13 17
71%
48 - 20 28
71%
31 - 2 29
71%
16 + 21 37
71%
43 - 6 37
71%
49 - 12 37
71%
60 - 21 39
71%
14 + 33 47
71%
38 + 9 47
71%
34 + 14 48
71%
16 - 11 5
71%
61 - 56 5
71%
35 + 18 53
71%
61 - 7 54
71%
26 + 29 55
71%
66 - 11 55
71%
39 + 18 57
71%
9 + 48 57
71%
15 + 44 59
71%
3 + 56 59
71%
25 + 34 59
71%
39 + 21 60
71%
2 + 63 65
71%
77 - 10 67
71%
84 - 13 71
71%
2 + 75 77
71%
52 + 26 78
71%
12 + 71 83
71%
6 + 77 83
71%
52 + 33 85
71%
20 + 66 86
71%
46 + 41 87
71%
56 + 31 87
71%
66 + 22 88
71%
7 + 85 92
71%
19 + 76 95
71%
29 + 69 98
71%
83 + 16 99
71%
7 - 6 1
70%
46 - 31 15
70%
19 - 1 18
70%
29 - 27 2
70%
29 + 1 30
70%
63 - 33 30
70%
5 + 30 35
70%
33 + 9 42
70%
17 + 26 43
70%
86 - 43 43
70%
20 + 24 44
70%
33 + 12 45
70%
9 + 39 48
70%
61 - 12 49
70%
32 + 20 52
70%
30 + 27 57
70%
8 - 2 6
70%
43 + 19 62
70%
35 + 29 64
70%
78 - 71 7
70%
13 - 5 8
70%
36 + 53 89
70%
30 + 59 89
70%
94 - 5 89
70%
49 + 46 95
70%
14 + 81 95
70%
92 + 5 97
70%
32 + 66 98
70%
37 - 17 20
69%
47 - 26 21
69%
13 + 9 22
69%
34 - 6 28
69%
89 - 60 29
69%
45 - 15 30
69%
94 - 61 33
69%
5 + 30 35
69%
2 + 33 35
69%
43 - 6 37
69%
37 + 3 40
69%
6 + 42 48
69%
26 - 21 5
69%
76 - 24 52
69%
70 - 15 55
69%
15 + 41 56
69%
38 + 45 83
69%
47 + 44 91
69%
23 + 69 92
69%
91 - 90 1
67%
32 - 22 10
67%
8 + 5 13
67%
40 - 26 14
67%
12 + 3 15
67%
61 - 46 15
67%
24 - 9 15
67%
10 + 7 17
67%
37 - 20 17
67%
28 - 9 19
67%
44 - 42 2
67%
71 - 50 21
67%
80 - 58 22
67%
22 + 1 23
67%
6 + 18 24
67%
15 + 9 24
67%
58 - 33 25
67%
30 - 4 26
67%
51 - 25 26
67%
80 - 77 3
67%
8 + 22 30
67%
50 - 19 31
67%
8 + 25 33
67%
67 - 33 34
67%
70 - 34 36
67%
5 + 32 37
67%
9 + 30 39
67%
82 - 78 4
67%
46 - 4 42
67%
32 + 12 44
67%
46 - 2 44
67%
60 - 16 44
67%
48 - 3 45
67%
87 - 42 45
67%
19 + 28 47
67%
89 - 42 47
67%
65 - 16 49
67%
60 - 11 49
67%
48 + 2 50
67%
23 + 29 52
67%
69 - 17 52
67%
68 - 16 52
67%
3 + 53 56
67%
68 - 12 56
67%
22 + 35 57
67%
47 + 10 57
67%
28 + 30 58
67%
53 + 6 59
67%
58 - 52 6
67%
66 - 5 61
67%
5 + 57 62
67%
53 + 10 63
67%
98 - 35 63
67%
92 - 29 63
67%
71 - 6 65
67%
40 + 27 67
67%
9 + 58 67
67%
49 + 19 68
67%
24 + 47 71
67%
78 - 7 71
67%
3 + 70 73
67%
28 + 46 74
67%
26 + 48 74
67%
82 - 6 76
67%
88 - 12 76
67%
19 + 59 78
67%
73 + 7 80
67%
46 + 34 80
67%
2 + 79 81
67%
96 - 13 83
67%
30 + 54 84
67%
95 - 11 84
67%
31 + 56 87
67%
82 + 5 87
67%
23 + 64 87
67%
72 - 63 9
67%
6 + 87 93
67%
49 + 44 93
67%
12 + 82 94
67%
34 + 61 95
67%
29 + 67 96
67%
23 + 73 96
67%
53 + 44 97
67%
38 + 59 97
67%
74 + 24 98
67%
45 + 53 98
67%
28 + 71 99
67%
25 + 74 99
67%
88 - 9 79
65%
92 - 91 1
64%
4 + 7 11
64%
80 - 64 16
64%
40 - 20 20
64%
22 - 2 20
64%
38 - 13 25
64%
30 - 1 29
64%
25 + 6 31
64%
11 + 21 32
64%
30 + 6 36
64%
62 - 24 38
64%
76 - 72 4
64%
30 + 11 41
64%
59 - 17 42
64%
57 - 15 42
64%
51 - 6 45
64%
70 - 25 45
64%
8 + 39 47
64%
14 + 34 48
64%
74 - 23 51
64%
5 + 49 54
64%
30 + 25 55
64%
21 + 34 55
64%
32 + 29 61
64%
39 + 23 62
64%
28 + 35 63
64%
20 + 44 64
64%
70 - 5 65
64%
95 - 30 65
64%
53 + 19 72
64%
25 + 47 72
64%
83 - 3 80
64%
81 + 4 85
64%
17 + 68 85
64%
49 + 36 85
64%
23 + 63 86
64%
2 + 86 88
64%
42 + 47 89
64%
85 - 76 9
64%
32 + 61 93
64%
21 + 77 98
64%
90 + 8 98
64%
78 - 67 11
63%
26 - 11 15
63%
95 - 79 16
63%
54 - 28 26
63%
69 - 41 28
63%
31 - 3 28
63%
10 + 19 29
63%
32 - 29 3
63%
88 - 52 36
63%
76 - 37 39
63%
86 - 82 4
63%
8 + 36 44
63%
46 - 2 44
63%
87 - 43 44
63%
84 - 39 45
63%
30 + 17 47
63%
55 - 8 47
63%
87 - 38 49
63%
65 - 60 5
63%
80 - 75 5
63%
44 + 6 50
63%
49 + 3 52
63%
5 + 51 56
63%
5 + 52 57
63%
37 + 25 62
63%
18 + 47 65
63%
55 + 12 67
63%
53 + 15 68
63%
86 - 17 69
63%
39 + 38 77
63%
19 + 60 79
63%
82 - 3 79
63%
53 + 29 82
63%
51 + 39 90
63%
40 + 51 91
63%
32 + 61 93
63%
33 + 61 94
63%
10 + 88 98
63%
83 - 52 31
62%
32 + 8 40
62%
18 + 25 43
62%
82 - 34 48
62%
82 - 30 52
62%
35 - 29 6
62%
93 - 30 63
62%
13 + 52 65
62%
81 - 2 79
62%
83 + 11 94
62%
98 - 18 80
61%
53 - 52 1
60%
81 - 71 10
60%
72 - 61 11
60%
57 - 46 11
60%
12 + 3 15
60%
12 + 5 17
60%
38 - 21 17
60%
39 - 20 19
60%
94 - 73 21
60%
16 + 9 25
60%
41 - 13 28
60%
22 + 7 29
60%
15 - 12 3
60%
23 + 7 30
60%
28 + 5 33
60%
33 + 5 38
60%
73 - 34 39
60%
11 + 29 40
60%
13 + 27 40
60%
96 - 50 46
60%
6 + 48 54
60%
67 - 10 57
60%
52 + 7 59
60%
44 + 17 61
60%
52 + 12 64
60%
75 - 7 68
60%
1 + 68 69
60%
21 + 48 69
60%
80 - 11 69
60%
34 - 27 7
60%
82 - 8 74
60%
43 + 33 76
60%
9 + 70 79
60%
60 + 22 82
60%
69 + 14 83
60%
45 + 39 84
60%
95 - 10 85
60%
51 + 35 86
60%
62 + 27 89
60%
69 - 60 9
60%
82 + 9 91
60%
15 + 77 92
60%
41 + 52 93
60%
43 + 52 95
60%
80 + 16 96
60%
98 - 71 27
59%
95 + 5 100
58%
82 - 66 16
58%
71 - 55 16
58%
79 - 77 2
58%
29 - 3 26
58%
92 - 64 28
58%
87 - 54 33
58%
56 - 23 33
58%
83 - 48 35
58%
98 - 55 43
58%
2 + 48 50
58%
95 - 40 55
58%
23 - 17 6
58%
45 + 20 65
58%
79 - 12 67
58%
49 + 24 73
58%
70 + 19 89
58%
50 + 45 95
58%
84 + 13 97
58%
70 + 27 97
58%
4 + 6 10
57%
39 - 27 12
57%
73 - 61 12
57%
94 - 82 12
57%
64 - 50 14
57%
48 - 33 15
57%
70 - 53 17
57%
89 - 87 2
57%
39 - 18 21
57%
1 + 22 23
57%
64 - 39 25
57%
49 - 24 25
57%
99 - 74 25
57%
28 - 2 26
57%
35 - 8 27
57%
78 - 50 28
57%
59 - 56 3
57%
48 - 11 37
57%
6 + 35 41
57%
32 + 12 44
57%
71 - 25 46
57%
11 + 38 49
57%
41 - 36 5
57%
78 - 28 50
57%
11 + 42 53
57%
77 - 22 55
57%
5 + 51 56
57%
43 + 14 57
57%
96 - 90 6
57%
86 - 80 6
57%
15 + 47 62
57%
4 + 64 68
57%
64 + 6 70
57%
51 + 23 74
57%
37 - 29 8
57%
24 + 56 80
57%
7 + 75 82
57%
68 + 15 83
57%
70 + 14 84
57%
34 + 50 84
57%
98 - 11 87
57%
84 + 5 89
57%
20 + 75 95
57%
84 + 14 98
57%
73 - 72 1
56%
51 - 40 11
56%
65 - 52 13
56%
28 - 14 14
56%
40 - 23 17
56%
30 - 4 26
56%
39 - 11 28
56%
76 - 47 29
56%
52 - 19 33
56%
75 - 40 35
56%
36 + 1 37
56%
88 - 48 40
56%
8 + 35 43
56%
49 - 6 43
56%
93 - 45 48
56%
39 + 12 51
56%
41 + 10 51
56%
27 + 27 54
56%
38 + 19 57
56%
62 - 4 58
56%
54 + 6 60
56%
37 + 24 61
56%
40 + 21 61
56%
51 + 15 66
56%
93 - 86 7
56%
94 - 23 71
56%
48 + 26 74
56%
99 - 25 74
56%
56 + 19 75
56%
54 + 23 77
56%
11 - 3 8
56%
94 - 12 82
56%
57 + 28 85
56%
2 + 84 86
56%
35 - 26 9
56%
15 + 75 90
56%
16 + 76 92
56%
73 + 26 99
56%
64 - 63 1
55%
36 - 25 11
55%
92 - 77 15
55%
61 - 46 15
55%
68 - 52 16
55%
43 - 20 23
55%
65 - 41 24
55%
37 - 11 26
55%
15 + 13 28
55%
38 - 5 33
55%
35 - 1 34
55%
60 - 12 48
55%
90 - 85 5
55%
51 + 2 53
55%
8 + 53 61
55%
70 + 11 81
55%
62 + 27 89
55%
75 - 66 9
55%
16 + 75 91
55%
96 - 4 92
55%
76 + 18 94
55%
4 - 3 1
54%
4 + 10 14
54%
60 - 30 30
54%
51 - 17 34
54%
29 + 9 38
54%
10 - 6 4
54%
72 - 29 43
54%
13 + 42 55
54%
65 - 59 6
54%
89 - 17 72
54%
46 + 38 84
54%
37 + 58 95
54%
33 + 65 98
54%
51 - 49 2
53%
56 - 19 37
53%
49 + 24 73
53%
43 + 31 74
53%
77 - 67 10
50%
34 + 66 100
50%
67 - 53 14
50%
16 - 1 15
50%
98 - 82 16
50%
72 - 55 17
50%
22 - 5 17
50%
4 + 14 18
50%
76 - 58 18
50%
36 - 17 19
50%
81 - 60 21
50%
25 - 2 23
50%
75 - 51 24
50%
96 - 72 24
50%
68 - 43 25
50%
20 + 6 26
50%
18 + 8 26
50%
94 - 68 26
50%
14 + 15 29
50%
85 - 56 29
50%
79 - 48 31
50%
21 + 11 32
50%
80 - 47 33
50%
76 - 40 36
50%
82 - 45 37
50%
3 + 35 38
50%
92 - 54 38
50%
56 - 18 38
50%
99 - 95 4
50%
45 - 41 4
50%
10 + 30 40
50%
96 - 56 40
50%
21 + 21 42
50%
52 - 10 42
50%
29 + 14 43
50%
18 + 26 44
50%
59 - 14 45
50%
87 - 39 48
50%
49 - 1 48
50%
36 + 13 49
50%
92 - 87 5
50%
25 + 27 52
50%
87 - 35 52
50%
66 - 12 54
50%
24 + 32 56
50%
8 + 49 57
50%
82 - 25 57
50%
84 - 27 57
50%
86 - 28 58
50%
43 + 16 59
50%
1 + 59 60
50%
72 - 12 60
50%
78 - 18 60
50%
23 + 38 61
50%
44 + 18 62
50%
87 - 24 63
50%
53 + 11 64
50%
91 - 27 64
50%
6 + 59 65
50%
95 - 30 65
50%
31 + 35 66
50%
27 + 41 68
50%
61 + 7 68
50%
7 + 62 69
50%
50 - 43 7
50%
67 + 3 70
50%
76 - 6 70
50%
63 + 10 73
50%
51 + 22 73
50%
45 + 29 74
50%
24 + 50 74
50%
76 - 2 74
50%
13 + 62 75
50%
26 + 52 78
50%
53 + 26 79
50%
76 + 3 79
50%
5 + 3 8
50%
26 - 18 8
50%
33 + 49 82
50%
98 - 16 82
50%
12 + 72 84
50%
88 - 4 84
50%
34 + 51 85
50%
39 + 47 86
50%
18 + 69 87
50%
19 - 10 9
50%
83 - 74 9
50%
62 + 28 90
50%
10 + 80 90
50%
36 + 54 90
50%
88 + 3 91
50%
35 + 57 92
50%
14 + 81 95
50%
48 + 49 97
50%
17 + 80 97
50%
92 + 5 97
50%
56 + 43 99
50%
46 - 45 1
47%
67 - 43 24
47%
22 + 61 83
47%
77 - 68 9
47%
65 - 48 17
46%
53 - 2 51
46%
12 + 48 60
46%
99 - 33 66
46%
86 - 8 78
46%
92 - 9 83
46%
33 - 19 14
45%
59 - 39 20
45%
81 - 59 22
45%
39 - 13 26
45%
50 - 47 3
45%
77 - 32 45
45%
16 - 11 5
45%
49 + 9 58
45%
89 - 28 61
45%
51 + 25 76
45%
12 + 66 78
45%
58 - 50 8
45%
84 - 1 83
45%
29 + 63 92
45%
77 + 19 96
45%
2 + 95 97
45%
31 + 68 99
45%
35 - 25 10
44%
14 + 5 19
44%
87 - 68 19
44%
60 - 38 22
44%
1 + 2 3
44%
40 - 3 37
44%
28 + 15 43
44%
91 - 43 48
44%
46 + 9 55
44%
79 - 22 57
44%
96 - 39 57
44%
11 + 50 61
44%
83 - 4 79
44%
70 - 62 8
44%
50 - 42 8
44%
97 - 9 88
44%
14 + 83 97
44%
31 + 69 100
43%
58 - 39 19
43%
87 - 68 19
43%
81 - 62 19
43%
2 + 22 24
43%
95 - 71 24
43%
69 - 43 26
43%
25 + 3 28
43%
10 + 19 29
43%
10 + 23 33
43%
63 - 29 34
43%
32 + 4 36
43%
82 - 43 39
43%
29 + 16 45
43%
94 - 47 47
43%
83 - 34 49
43%
95 - 46 49
43%
34 + 16 50
43%
81 - 28 53
43%
92 - 34 58
43%
73 - 67 6
43%
60 + 5 65
43%
17 - 10 7
43%
77 - 3 74
43%
91 - 14 77
43%
39 + 56 95
43%
65 + 31 96
43%
24 + 72 96
43%
34 + 65 99
43%
64 + 35 99
43%
82 - 65 17
42%
84 - 65 19
42%
49 - 28 21
42%
70 - 46 24
42%
12 + 20 32
42%
78 - 33 45
42%
74 - 21 53
42%
92 - 86 6
42%
34 + 28 62
42%
22 + 51 73
42%
33 + 45 78
42%
62 + 29 91
42%
73 + 22 95
42%
91 - 17 74
41%
69 - 53 16
40%
83 - 67 16
40%
10 - 8 2
40%
28 - 7 21
40%
74 - 47 27
40%
55 - 28 27
40%
9 + 22 31
40%
59 - 28 31
40%
45 - 14 31
40%
84 - 51 33
40%
71 - 36 35
40%
89 - 53 36
40%
73 - 28 45
40%
59 - 54 5
40%
29 + 23 52
40%
77 - 24 53
40%
21 + 39 60
40%
61 + 3 64
40%
5 + 59 64
40%
69 - 4 65
40%
78 - 9 69
40%
97 - 28 69
40%
99 - 29 70
40%
81 - 10 71
40%
93 - 18 75
40%
96 - 19 77
40%
53 + 27 80
40%
28 + 56 84
40%
44 + 49 93
40%
66 + 28 94
40%
98 - 1 97
40%
61 + 39 100
38%
23 - 8 15
38%
47 - 28 19
38%
58 - 34 24
38%
11 + 14 25
38%
83 - 57 26
38%
97 - 69 28
38%
64 - 31 33
38%
82 - 48 34
38%
51 - 16 35
38%
62 - 22 40
38%
67 - 21 46
38%
50 - 3 47
38%
97 - 39 58
38%
91 - 13 78
38%
94 - 16 78
38%
25 + 56 81
38%
61 + 21 82
38%
63 + 29 92
38%
3 + 90 93
38%
54 - 39 15
36%
63 - 32 31
36%
98 - 59 39
36%
73 - 27 46
36%
70 - 19 51
36%
49 + 31 80
36%
39 + 50 89
36%
27 + 62 89
36%
46 + 45 91
36%
44 + 48 92
36%
29 + 66 95
36%
18 - 17 1
33%
67 - 66 1
33%
84 - 62 22
33%
88 - 66 22
33%
89 - 58 31
33%
74 - 41 33
33%
60 - 22 38
33%
68 - 25 43
33%
53 - 5 48
33%
36 + 17 53
33%
24 + 30 54
33%
65 - 9 56
33%
73 - 15 58
33%
92 - 34 58
33%
34 + 29 63
33%
91 - 28 63
33%
18 + 56 74
33%
34 + 43 77
33%
17 + 74 91
33%
65 + 30 95
33%
69 + 28 97
33%
10 + 88 98
33%
42 + 57 99
33%
12 + 29 41
32%
84 - 11 73
31%
89 - 61 28
30%
54 - 2 52
30%
18 + 76 94
30%
87 + 10 97
30%
73 - 45 28
29%
46 - 3 43
29%
61 - 15 46
29%
94 - 45 49
29%
31 + 60 91
29%
77 + 19 96
29%
82 - 28 54
27%
93 - 18 75
27%
80 - 52 28
25%
72 - 69 3
25%
69 - 36 33
25%
97 - 62 35
25%
86 - 29 57
25%
78 - 9 69
25%
57 + 25 82
25%
79 - 42 37
22%
61 + 3 64
22%
87 - 68 19
20%
54 - 17 37
20%
60 - 52 8
20%
52 + 35 87
20%
4 + 86 90
20%
74 - 59 15
18%
5 + 21 26
17%
59 - 31 28
17%
91 - 8 83
17%
69 - 56 13
14%
88 - 58 30
14%
85 - 55 30
13%
58 - 19 39
0%
95 - 54 41
0%
21 + 27 48
0%
70 + 15 85
0%
No matching quizzes found
Score Distribution
Percent of People with Each Score
Percentile by Number Answered
Your Score History
You have not taken this quiz